[Event "47th GER-ch Blitz 2020"]
[Site "Magdeburg"]
[Date "2020.08.15"]
[Round "24.11"]
[White "Barzen, Pascal"]
[Black "Svane, Frederik"]
[Result "1-0"]
[WhiteElo "2321"]
[BlackElo "2421"]
[Annotator "TA"]
[PlyCount "133"]
[EventDate "2020.07.28"]
[EventType "tourn"]
[EventCountry "GER"]
[SourceTitle "playchess.com"]
[Source "ChessBase"]
[SourceQuality "1"]

{[%evp 18,133,-12,-19,-2,-16,33,-20,39,-42,0,0,0,0,0,0,0,-24,-34,-20,-20,-36,-8,-41,13,6,26,0,0,-20,0,0,56,0,0,0,0,0,0,0,185,189,223,-23,-12,-59,0,-26,-26,-31,-19,-19,-8,-8,-8,-7,-5,-5,-5,-5,0,-25,0,0,0,-7,-7,-8,-8,-8,-8,-13,-13,-13,-13,-13,-13,-66,-91,-109,-82,-142,-142,-183,-183,-183,-142,-183,-183,-183,-142,-183,-183,-183,-183,-183,-142,-183,-107,-107,-107,-107,-95,-95,-137,-137,-137,-137,-95,-95,0,-183,-183,-183,-183,-183,29979,29980]} 1. e4 c5 2. Nc3 e6 3. g3 d5 4. Bg2 Nf6 5. d3 Nc6 6. f4 Be7 7. e5 Nd7 8. Nf3 b5 9. O-O b4 10. Ne2 a5 {B24: Closed Sicilian: 3 g3 sidelines.} 11. Be3 Ba6 {[#]} 12. Re1 $146 (12. f5 $14) ({Predecessor:} 12. g4 Qc7 13. Qd2 Nb6 14. c3 c4 15. d4 b3 16. a3 O-O-O 17. Ng3 Kb8 18. f5 {1-0 (52) Motyka,M-Staszko,M (2089) Trinec 2001}) 12... Qc7 (12... O-O $11) 13. d4 ({White should try} 13. f5 $1 $14) 13... Bxe2 14. Rxe2 cxd4 15. Nxd4 Nxd4 16. Bxd4 Bc5 17. Kh1 Bxd4 18. Qxd4 Qc5 19. Qd3 O-O 20. f5 exf5 (20... g6 $15) 21. Qxf5 $11 Nb6 22. Rf1 Rae8 23. h4 Re6 24. Qf4 Na4 (24... Re7 $11) 25. Bh3 (25. c3 $14) 25... Re7 26. e6 {And now exf7+ would win.} f6 $1 27. h5 Nxb2 28. h6 {Threatening hxg7.} Nc4 $2 (28... g6 $11 {and Black stays safe.}) 29. hxg7 $1 $18 Rxg7 {[#]} 30. Bf5 $2 (30. e7 $1 $18 {[%cal Re7e8][%mdl 512]} Rxe7 31. Be6+ Kh8 32. Qh6 $1 {[%mdl 512]}) 30... Ne5 31. Rd1 Qc4 ({Black should play} 31... Re8 $15) 32. Qxc4 dxc4 33. Rd5 Rxg3 34. Rxa5 Nf3 {[%csl Gf3][%cal Rg3g1]} 35. Rg2 Rxg2 36. Kxg2 $11 {[%mdl 4096] Endgame KRB-KRN} Nh4+ 37. Kg3 Nxf5+ 38. Rxf5 {KR-KR} Kg7 39. Rf4 Ra8 40. Rxc4 Rxa2 41. Rc7+ Kg6 42. Kf4 Ra5 43. Rc4 Rf5+ 44. Kg4 h5+ 45. Kh4 Re5 46. Rxb4 Rxe6 47. Rb1 (47. Rc4 $11) 47... Re4+ $15 48. Kg3 Rc4 49. Rb2 (49. Rc1 $142) 49... Kg5 $17 50. Rb5+ f5 51. Rb8 Rc3+ ({Not} 51... Rxc2 52. Rg8+ Kf6 53. Rf8+ Kg6 54. Rg8+ Kf7 55. Rh8 $11) 52. Kf2 Rxc2+ 53. Kf3 Rc3+ 54. Kf2 Kg4 55. Rg8+ Kf4 56. Kg2 h4 {( -> ...Rg3+)} 57. Rf8 Kg5 ({Better is} 57... Rg3+ $19 58. Kf2 Rg5) 58. Rg8+ {[#]} Kf6 $1 59. Rh8 {[#]} h3+ $1 60. Kh2 (60. Rxh3 Rxh3) 60... Ke5 61. Re8+ Kf4 62. Rf8 Ke4 63. Re8+ Kf4 (63... Kd4 $17 64. Rd8+ Ke4) 64. Rf8 $19 Ra3 65. Rb8 Kg4 66. Rg8+ Kf3 $4 {[%mdl 8192]} (66... Kh4 $19 67. Rh8+ Kg5 68. Rg8+ Kf6 69. Rf8+ Ke5 70. Re8+ Kf4) 67. Rg3+ {[%mdl 64] Double Attack. What a bad dream for Black. Accuracy: White = 65%, Black = 62%.} 1-0

[Event "47th GER-ch Blitz 2020"]
[Site "Magdeburg"]
[Date "2020.08.15"]
[Round "24.13"]
[White "Zelbel, Patrick"]
[Black "Svane, Rasmus"]
[Result "1-0"]
[WhiteElo "2448"]
[BlackElo "2613"]
[Annotator "TA"]
[PlyCount "111"]
[EventDate "2020.07.28"]
[EventType "tourn"]
[EventCountry "GER"]
[SourceTitle "playchess.com"]
[Source "ChessBase"]
[SourceQuality "1"]

{[%evp 10,111,20,30,24,22,43,41,41,39,44,35,47,37,46,24,71,49,49,42,50,24,52,34,37,17,41,0,0,-13,0,-57,-18,-35,-25,-34,95,91,95,93,97,75,141,126,225,231,215,221,237,224,225,172,185,172,191,163,194,208,333,328,316,321,358,366,365,362,355,346,437,285,378,233,227,227,224,187,390,381,382,70,67,68,73,55,878,872,5812,1103,4810,680,627,457,448,381,980,975,960,943,894,828,4570,4064,4133,3358]} 1. e4 c6 2. Nc3 d5 3. Nf3 dxe4 4. Nxe4 Nf6 5. Qe2 Nxe4 6. Qxe4 Qa5 {B11: Caro-Kann: Two Knights Variation.} 7. b4 Qf5 8. Qe3 Qe6 {White is slightly better.} 9. Be2 Qxe3 10. fxe3 {[#]} Bf5 $146 ({Predecessor:} 10... f6 11. a4 e5 12. Ba3 Bf5 13. d3 Nd7 14. O-O Bg6 15. e4 a5 16. b5 cxb5 17. axb5 Bxa3 18. Rxa3 {0-1 (43) Jones,G (2683)-Howell,D (2676) London 2019}) 11. d3 e6 12. Bd2 Na6 13. a3 Nc7 14. O-O Be7 15. Bc3 Rg8 16. Be5 O-O-O 17. h3 f6 18. Bb2 Bg6 19. Nd4 Rge8 20. Bg4 ({White should try} 20. Nf3 $11) 20... Bd6 21. Nb3 Nd5 22. Rae1 Kc7 (22... h5 $15 {keeps the upper hand.} 23. Bf3 Bg3) 23. e4 $36 {[%mdl 2048] White is really pushing.} f5 24. Bf3 ({Don't play} 24. Bxg7 fxg4 25. exd5 exd5 $11) 24... Nf4 25. Bxg7 Rg8 ({Black should play} 25... fxe4 26. dxe4 e5) 26. Bf6 Rdf8 (26... Rde8 $16 27. e5 Bf8) 27. e5 $18 Rxf6 28. exf6 Bf7 29. Kh1 Rg6 30. Nd4 Rxf6 31. Ne2 Ng6 32. g3 a5 33. bxa5 Bxa3 {[#]} (33... Bg8 $142 34. Rb1 e5) 34. a6 $1 bxa6 35. Ra1 Bd6 36. Rxa6 Ne7 37. Rb1 e5 38. Ra7+ Kc8 39. Ra8+ Kd7 40. d4 {And now dxe5 would win.} e4 41. Rb7+ Ke6 42. Bg2 {Threatens to win with c4.} Rg6 $2 (42... Bh5) 43. c4 Kf6 44. Kh2 $2 (44. c5 $18 Bxg3 45. Raa7) 44... Bxc4 $14 45. Nf4 {Rf8+ is the strong threat.} Bxf4 46. gxf4 Bf7 $2 {[%mdl 8192] Loses the game.} (46... Rg7 $14) 47. Raa7 $18 Nd5 48. Rxf7+ {[%mdl 64] [#] Double Attack} Ke6 49. Rg7 Nxf4 50. Rxg6+ hxg6 51. Kg3 g5 $2 (51... Ne2+ 52. Kf2 Nxd4) 52. h4 {White is clearly winning.} Nh5+ 53. Kf2 gxh4 54. Rh7 Nf6 55. Rxh4 Kd5 56. Ke3 {Accuracy: White = 72%, Black = 46%.} 1-0

[Event "47th GER-ch Blitz 2020"]
[Site "Magdeburg"]
[Date "2020.08.15"]
[Round "24.14"]
[White "Dobrikov, Marco"]
[Black "Koch, Thomas"]
[Result "0-1"]
[WhiteElo "2290"]
[BlackElo "2461"]
[Annotator "TA"]
[PlyCount "64"]
[EventDate "2020.07.28"]
[EventType "tourn"]
[EventCountry "GER"]
[SourceTitle "playchess.com"]
[Source "ChessBase"]
[SourceQuality "1"]

{[%evp 13,64,18,41,42,39,8,34,-76,-75,-84,-86,-96,-69,-97,-105,-111,-56,-131,-125,-123,-122,-117,-149,-409,-402,-481,-435,-597,-522,-552,-391,-455,-338,-912,-516,-456,-375,-318,-262,-1079,-298,-300,-299,-772,31,31,159,89,152,-31,-35,-579,-563]} 1. e4 c5 2. Nf3 d6 3. d4 cxd4 4. Nxd4 Nf6 5. Nc3 a6 6. h3 e5 7. Nde2 Be6 8. g4 {B90: Sicilian Najdorf: Unusual White 6th moves, 6 Be3 Ng4 and 6 Be3 e5.} h6 9. Ng3 Nc6 {[#]} 10. Be3 $146 (10. Bg2 $14) ({Predecessor:} 10. Bg2 Rc8 11. O-O Be7 12. Nd5 g6 13. Be3 Bxd5 14. exd5 Nb8 15. Qd2 Bf8 16. f4 Qc7 17. fxe5 {1-0 (17) Michalik,P (2557)-Pavlicek,P (1899) Pardubice 2017}) 10... d5 $17 11. exd5 Nxd5 12. Nxd5 Bxd5 13. Rg1 Qa5+ $1 14. c3 Rd8 (14... O-O-O $17 15. Be2 Be7) 15. Qc2 {[#]} (15. Qe2 $15) 15... Nd4 $1 $36 {[%cal Rd4c2][%mdl 2048] Keeping White busy.} 16. Bxd4 exd4 17. Bd3 dxc3 18. b3 $2 {[%mdl 8192]} (18. Kf1 $17 {was worth a try.}) 18... Ba3 $19 19. Nf5 O-O 20. g5 h5 21. Ne3 Be6 {Hoping for ...Rxd3!} 22. g6 Bc5 23. Nc4 $2 (23. O-O-O) 23... Qc7 24. O-O-O Qf4+ 25. Kb1 Qxf2 {Threatens to win with ...Rxd3!} ({Don't do} 25... Bxf2 26. gxf7+ Bxf7 27. Rdf1 $19) 26. Qxc3 $2 {[#]} (26. gxf7+ Bxf7 27. Qxc3) 26... Bd4 $2 (26... Rxd3 $1 {[%mdl 512]} 27. Rxd3 (27. Qxd3 Bf5) 27... Qxg1+ {[%mdl 64] Double Attack} 28. Kb2 fxg6) 27. gxf7+ Bxf7 28. Qe1 $2 (28. Qc1 Qf3 29. Rgf1 Qxh3 30. Qc2) 28... b5 $2 {[#]} (28... Qxg1 $19 29. Qxg1 Bxg1) 29. Qe4 $1 $14 {[%csl Gd3][%cal Re4h7][%mdl 512]} Bxc4 ({Black should play} 29... Rfe8 $1 $14 30. Qh7+ Kf8) 30. Qh7+ $16 Kf7 {[%csl Gd4][%cal Rf2b2]} 31. Qg6+ $2 ({Better is} 31. Bxc4+ $16 bxc4 32. Rdf1 Qxf1+ 33. Rxf1+ Bf6 34. bxc4 (34. Qxh5+ Kg8 $16)) 31... Ke7 $15 {[%csl Gd4][%cal Rf2b2]} 32. Rde1+ $2 {[%mdl 8192]} ({White has to play} 32. Rge1+ $15 Kd7 33. Re2) 32... Kd7 {Accuracy: White = 32%, Black = 41%.} 0-1

[Event "47th GER-ch Blitz 2020"]
[Site "Magdeburg"]
[Date "2020.08.15"]
[Round "24.15"]
[White "Frischmann, Rick"]
[Black "Meier, Georg"]
[Result "0-1"]
[WhiteElo "2347"]
[BlackElo "2621"]
[Annotator "TA"]
[PlyCount "79"]
[EventDate "2020.07.28"]
[EventType "tourn"]
[EventCountry "GER"]
[SourceTitle "playchess.com"]
[Source "ChessBase"]
[SourceQuality "1"]

{[%evp 12,79,31,31,30,28,27,10,10,0,0,0,0,0,0,0,7,0,0,5,15,0,5,5,10,9,15,13,22,-5,0,-7,0,-47,-41,-60,-51,-53,-60,-53,-49,-70,-51,-185,-185,-186,-186,-238,-225,-230,-229,-296,-275,-733,-457,-433,-416,-381,-287,-391,-370,-358,-343,-285,-282,-639,-585,-492,-450,-1611]} 1. e4 e6 2. d4 d5 3. Nd2 dxe4 4. Nxe4 Nd7 5. Nf3 Ngf6 6. Nxf6+ Nxf6 7. c3 {now scores much better than the old 7.Bd3. Played by Wesley So in March 2020.} Be7 {C10: French with 3 Nc3: Unusual Black 3rd moves and 3...dxe4.} 8. Bf4 O-O 9. Be2 b6 {The position is equal.} 10. Ne5 Bb7 11. Bf3 Bxf3 12. Qxf3 Qd5 13. Nc6 Bd6 {[#] aiming for ...Qxf3.} 14. Qxd5 Nxd5 15. Bg3 Rfe8 {[#]} 16. O-O-O $146 ({Predecessor:} 16. O-O Bxg3 17. hxg3 Ne7 18. Nxe7+ Rxe7 19. f4 Rd8 20. Rad1 Red7 21. Kf2 h5 22. Ke3 {½-½ (31) Tong,K (2168)-Baeuml,U (2098) Rosenheim 2017}) 16... Ne7 17. Nxe7+ Rxe7 18. Rhe1 f6 19. Kc2 Kf7 20. b4 h5 21. Kb3 Rd8 22. c4 Bxg3 23. hxg3 $15 {[%mdl 4096] Endgame KRR-KRR} Red7 24. Kc3 c5 25. bxc5 bxc5 26. Re4 g5 27. f4 {This move loses the game for White.} (27. d5 $15 exd5 28. cxd5) 27... f5 $19 28. Re5 {Strongly threatening d5.} cxd4+ 29. Kd3 {[#]} (29. Kd2 $142) 29... gxf4 $1 30. gxf4 Rg8 31. Rde1 Rg3+ ({Less strong is} 31... Rxg2 32. Rxe6 Rg3+ 33. Kd2 $17) 32. Kc2 $2 (32. Kd2) 32... Rxg2+ 33. Kd3 Rg3+ 34. Kd2 Re7 35. c5 h4 36. c6 Rc3 37. Rh1 h3 ({Don't play} 37... Rxc6 38. Rxh4 Ra6 39. Kd3 $19) 38. Ra5 $2 (38. Rb5) 38... Rc7 39. Ra4 R7xc6 40. Rxd4 {Accuracy: White = 52%, Black = 89%.} (40. Rxa7+ $142 Kf6 41. Rh7) 0-1

[Event "47th GER-ch Blitz 2020"]
[Site "Magdeburg"]
[Date "2020.08.15"]
[Round "25.1"]
[White "Meier, Georg"]
[Black "Donchenko, Alexander"]
[Result "1-0"]
[WhiteElo "2621"]
[BlackElo "2646"]
[Annotator "TA"]
[PlyCount "89"]
[EventDate "2020.07.28"]
[EventType "tourn"]
[EventCountry "GER"]
[SourceTitle "playchess.com"]
[Source "ChessBase"]
[SourceQuality "1"]

{[%evp 10,88,40,45,54,43,56,45,62,52,45,58,44,61,66,49,46,0,31,0,0,0,79,76,74,0,0,-48,201,0,0,0,5,-51,-44,-47,-42,-40,-46,-35,0,-35,-14,-88,118,118,107,0,70,76,81,83,74,60,45,48,56,63,346,333,733,349,1118,992,1110,1105,877,452,329,306,29981,29980,29980,29975,29975,29965,29975,29976,6095,204,29999]} 1. Nf3 g6 2. e4 Bg7 3. d4 d6 4. Bd3 Nf6 5. O-O O-O 6. Re1 Bg4 {B07: Pirc Defence: Miscellaneous Systems.} 7. Nbd2 c5 {[#]} 8. dxc5 $146 ({Predecessor:} 8. h3 Bd7 9. c3 cxd4 10. cxd4 Nc6 11. Nf1 e5 12. dxe5 dxe5 13. Ne3 Re8 14. Nc4 {½-½ (64) Agrest,I (2283)-Melia,S (2391) Batumi 2018}) 8... dxc5 {White is slightly better.} 9. h3 Bxf3 10. Nxf3 Nc6 11. e5 Nd5 12. e6 f5 13. Qe2 Qc7 14. g3 Rad8 15. c3 Qd6 (15... f4 $11 {remains equal.} 16. g4 Nxc3 17. bxc3 Bxc3 {[%mdl 64] Double Attack}) 16. Bc2 $16 a6 17. Kg2 (17. Ng5 $16) 17... b5 $11 18. Bd2 b4 $2 (18... c4 $15 {stays ahead.}) 19. Rad1 $2 (19. c4 $1 $18) 19... bxc3 20. bxc3 Qc7 21. c4 (21. Qc4 $11) 21... Nc3 $15 22. Bxc3 $1 Bxc3 23. Rxd8 Rxd8 24. Rd1 Bf6 (24... Nd4 {is interesting.} 25. Nxd4 Bxd4 26. Qf3 Qe5 27. g4 f4) 25. Rxd8+ Qxd8 26. Qd3 (26. g4 $11) 26... Qa8 $2 (26... Qxd3 $17 {keeps the pressure on.} 27. Bxd3 Nd8) 27. Qd5 $16 {Ba4 is the strong threat.} Qc8 28. Ba4 (28. Qxc5 $16 {And now Ba4 would win.} Qxe6 29. Ba4) 28... Nb4 (28... Nd4 $11) 29. Qd7 $1 $14 {[%cal Rd7c8]} Qa8 30. a3 Na2 31. Bc6 $36 {[%mdl 2048] White has the initiative.} Qb8 32. g4 {aiming for g5.} fxg4 33. hxg4 {Strongly threatening g5.} h6 $2 {[%mdl 8192] [#]} ({Black should play} 33... Qf8 $1 $14) 34. Qd2 $1 $18 {[%csl LRa2,LRh6][%mdl 64] Double Attack} Qd6 $2 (34... Kg7 35. Qxa2 Qf4) 35. Bd5 (35. Qxh6 $142 Qxc6 36. Qxg6+ Bg7 37. Qf7+ Kh7 38. Qxe7) 35... Nc3 $2 (35... Kg7 36. Qxa2 Qf4) 36. Qxh6 Nxd5 37. Qxg6+ Kh8 38. cxd5 Qxd5 39. g5 {Intending Qh5+ and mate.} Bg7 $2 (39... Qxe6 $18 40. gxf6 exf6 41. Qh5+ Kg8) 40. Qe8+ Kh7 41. Qh5+ Kg8 {[#]} 42. Qf7+ $1 Kh7 43. Qxe7 Qe4 44. g6+ $2 (44. Qf7 {White wants to mate with e7.} Qg6 45. Qxg6+ Kxg6 46. Nh4+ Kh5 47. e7 Kxh4 48. f4) 44... Kh6 $2 (44... Qxg6+ $18 45. Ng5+ Kh6) 45. Qg5# {Accuracy: White = 60%, Black = 43%.} 1-0

[Event "47th GER-ch Blitz 2020"]
[Site "Magdeburg"]
[Date "2020.08.15"]
[Round "25.2"]
[White "Koch, Thomas"]
[Black "Frischmann, Rick"]
[Result "0-1"]
[WhiteElo "2461"]
[BlackElo "2347"]
[Annotator "ChessBase"]
[PlyCount "68"]
[EventDate "2020.07.28"]
[EventType "tourn"]
[EventCountry "GER"]
[SourceTitle "playchess.com"]
[Source "ChessBase"]
[SourceQuality "1"]
[TimeControl "180+2"]

1. d4 {[%emt 0:00:00]} d5 {[%emt 0:00:00]} 2. c4 {[%emt 0:00:00]} Nc6 {[%emt 0:00:00]} 3. Nf3 {[%emt 0:00:01]} Bg4 {[%emt 0:00:01]} 4. cxd5 {[%emt 0:00:03]} Bxf3 {[%emt 0:00:01]} 5. gxf3 {[%emt 0:00:01]} Qxd5 {[%emt 0:00:01]} 6. e3 {[%emt 0:00:01]} e5 {[%emt 0:00:01]} 7. Nc3 {[%emt 0:00:01]} Bb4 {[%emt 0:00:02]} 8. Bd2 {[%emt 0:00:06]} Bxc3 {[%emt 0:00:01]} 9. bxc3 {[%emt 0:00:01]} Qd6 {[%emt 0:00:01]} 10. Qb3 {[%emt 0:00:04]} O-O-O {[%emt 0:00:04]} 11. Rb1 {[%emt 0:00:01]} b6 {[%emt 0:00:01]} 12. Bg2 {[%emt 0:00:13]} Kb8 {[%emt 0:00:01]} 13. O-O {[%emt 0:00:05]} Nge7 {[%emt 0:00:09]} 14. f4 {[%emt 0:00:18]} exf4 {[%emt 0:00:14]} 15. Qb5 {[%emt 0:00:06]} g5 {[%emt 0:00:49]} 16. c4 {[%emt 0:00:06]} g4 {[%emt 0:00:15]} 17. c5 {[%emt 0:00:11]} Qg6 {[%emt 0:00:40]} 18. cxb6 {[%emt 0:00:03]} cxb6 {[%emt 0:00:05]} 19. exf4 {[%emt 0:00:29]} Nxd4 {[%emt 0:00:03]} 20. Qe5+ {[%emt 0:00:10]} Qd6 {[%emt 0:00:01]} 21. Bb4 {[%emt 0:00:18]} Qxe5 {[%emt 0:00:09]} 22. fxe5 {[%emt 0:00:01]} Nc8 {[%emt 0:00:11]} 23. a4 {[%emt 0:00:53]} Nf3+ {[%emt 0:00:21]} 24. Kh1 {[%emt 0:00:05]} Nxe5 {[%emt 0:00:03]} 25. a5 {[%emt 0:00:06]} Rhe8 {[%emt 0:00:04]} 26. axb6 {[%emt 0:00:02]} axb6 {[%emt 0:00:00]} 27. Ra1 {[%emt 0:00:04]} Nf3 {[%emt 0:00:01]} 28. Ra3 {[%emt 0:00:05]} Re4 {[%emt 0:00:02]} 29. Bc3 {[%emt 0:00:08]} Rd5 {[%emt 0:00:06]} 30. Rfa1 {[%emt 0:00:07]} Rh5 {[%emt 0:00:01]} 31. h3 {[%emt 0:00:03]} Re2 {[%emt 0:00:05]} 32. Ra8+ {[%emt 0:00:06]} Kc7 {[%emt 0:00:00]} 33. Rc1 {[%emt 0:00:01]} Kb7 {[%emt 0:00:05]} 34. Ra3 {[%emt 0:00:05]} Rxf2 0-1

[Event "47th GER-ch Blitz 2020"]
[Site "Magdeburg"]
[Date "2020.08.15"]
[Round "25.3"]
[White "Svane, Rasmus"]
[Black "Dobrikov, Marco"]
[Result "1-0"]
[WhiteElo "2613"]
[BlackElo "2290"]
[Annotator "TA"]
[PlyCount "89"]
[EventDate "2020.07.28"]
[EventType "tourn"]
[EventCountry "GER"]
[SourceTitle "playchess.com"]
[Source "ChessBase"]
[SourceQuality "1"]

{[%evp 12,88,18,18,41,47,52,69,53,62,56,37,42,0,0,-1,14,12,51,20,28,25,89,12,14,0,0,0,-4,-87,-24,-26,-50,-33,0,-2,8,0,0,0,0,0,0,-23,28,30,27,0,198,8,9,-21,0,-47,-4,-47,-8,-29977,-8,-8,12,12,12,12,12,14,166,166,166,159,212,210,2154,738,703,212,29995,29996,29999]} 1. Nf3 c5 2. c4 Nc6 3. Nc3 e5 4. e3 Nf6 5. d4 cxd4 6. exd4 e4 7. Ne5 d6 {A34: Symmetrical English: 2 Nc3, lines with ...d5.} 8. Nxc6 bxc6 9. d5 cxd5 {White is slightly better.} 10. Nxd5 Be6 11. Nxf6+ Qxf6 12. g3 (12. c5 $5) 12... Be7 13. Bg2 Qe5 14. O-O {White wants to play Bf4.} Bxc4 15. Bf4 Qxb2 16. Bxe4 Bxf1 (16... d5 $11 {remains equal.} 17. Bxd5 Bxd5 18. Qxd5 O-O) 17. Bxa8 (17. Rb1 $16 Be2 18. Qd5 Qxb1+ 19. Bxb1) 17... O-O $11 18. Be4 Bc4 19. Rb1 Qxa2 20. Rb7 {[#]} (20. Ra1 $11 Qb2 21. Rxa7) 20... d5 (20... Bf6 $1 $17 21. Bb1 Qa6) 21. Bxh7+ $1 Kxh7 22. Rxe7 Kg8 23. h4 Qb3 24. Qg4 Qb1+ 25. Kh2 Qc2 26. Be3 Be2 27. Qg5 {Threatens to win with Bd4.} Bf3 (27... Qd1 $142 28. Bd2 Bf3) 28. Bd4 {[%csl Gd4][%cal Rg5g7]} Qh7 29. Rxa7 Re8 $2 (29... f6 $1 $11 {and Black has nothing to worry.} 30. Qf4 Qe4) 30. Qf4 $2 ({Better is} 30. Ra6 $18) 30... Qh5 {aiming for ...Re4.} 31. Be3 Be4 32. Rb7 Rf8 {And now ...Qd1 would win.} (32... d4 $5 33. Rb8 Rxb8 34. Qxb8+ Kh7 $15) 33. Rb8 Rxb8 34. Qxb8+ Kh7 {( -> ...Qf3)} 35. Qf4 Qg6 (35... Qd1 $5 36. f3 $8 Qxf3 37. Qxf3 Bxf3 $11) 36. g4 Qa6 37. f3 Qe2+ 38. Kg3 Qe1+ $2 (38... Bc2 $11) 39. Bf2 $18 Qc3 40. Qxf7 Bg6 (40... Qe5+ $16 41. Qf4 Qxf4+ 42. Kxf4 Bd3) 41. Qf4 Qd3 $2 (41... Kg8 42. h5 Bf7) 42. h5 Be8 43. Bd4 $2 (43. Qe5 Qb5 44. Bd4) 43... Qf1 $2 {[#]} (43... Qe2 $18 44. h6 Qe1+ 45. Bf2 Qe6 46. hxg7 Bf7) 44. Qe5 $1 {[%csl Gd4][%cal Re5g7][%mdl 64] Double Attack} Bf7 45. Qxg7# {Quite a comeback for White. Accuracy: White = 61%, Black = 52%.} 1-0

[Event "47th GER-ch Blitz 2020"]
[Site "Magdeburg"]
[Date "2020.08.15"]
[Round "25.4"]
[White "Reichmann, Hendrik"]
[Black "Zelbel, Patrick"]
[Result "1/2-1/2"]
[WhiteElo "2348"]
[BlackElo "2448"]
[Annotator "ChessBase"]
[PlyCount "65"]
[EventDate "2020.07.28"]
[EventType "tourn"]
[EventCountry "GER"]
[SourceTitle "playchess.com"]
[Source "ChessBase"]
[SourceQuality "1"]
[TimeControl "180+2"]

1. d4 {[%emt 0:00:00]} d5 {[%emt 0:00:00]} 2. Bf4 {[%emt 0:00:01]} c5 {[%emt 0:00:00]} 3. e3 {[%emt 0:00:02]} cxd4 {[%emt 0:00:00]} 4. exd4 {[%emt 0:00:01]} Nc6 {[%emt 0:00:01]} 5. Nc3 {[%emt 0:00:01]} a6 {[%emt 0:00:09]} 6. Nce2 {[%emt 0:00:01]} Qb6 {[%emt 0:00:14]} 7. Rb1 {[%emt 0:00:03]} Bf5 {[%emt 0:00:26]} 8. Ng3 {[%emt 0:01:06]} Qxd4 {[%emt 0:00:39]} 9. Qxd4 {[%emt 0:00:25]} Nxd4 {[%emt 0:00:01]} 10. Nxf5 {[%emt 0:00:31]} Nxf5 {[%emt 0:00:01]} 11. Bd3 {[%emt 0:00:08]} g6 {[%emt 0:00:16]} 12. Ne2 {[%emt 0:00:04]} Bg7 {[%emt 0:00:02]} 13. O-O {[%emt 0:00:06]} e6 {[%emt 0:00:06]} 14. c4 {[%emt 0:00:03]} Nge7 {[%emt 0:00:06]} 15. Nc3 {[%emt 0:00:07]} dxc4 {[%emt 0:00:05]} 16. Bxc4 {[%emt 0:00:01]} Rc8 {[%emt 0:00:03]} 17. Be2 {[%emt 0:00:03]} Nd4 {[%emt 0:00:05]} 18. Bd3 {[%emt 0:00:04]} O-O {[%emt 0:00:06]} 19. Ne4 {[%emt 0:00:05]} e5 {[%emt 0:00:25]} 20. Bg5 {[%emt 0:00:07]} f6 {[%emt 0:00:01]} 21. Be3 {[%emt 0:00:01]} Rfd8 {[%emt 0:00:05]} 22. Rfd1 {[%emt 0:00:05]} Nef5 {[%emt 0:00:03]} 23. b4 {[%emt 0:00:10]} Nxe3 {[%emt 0:00:06]} 24. fxe3 {[%emt 0:00:03]} Nf5 {[%emt 0:00:02]} 25. Bc4+ {[%emt 0:00:09]} Kh8 {[%emt 0:00:13]} 26. Be6 {[%emt 0:00:09]} Rb8 {[%emt 0:00:13]} 27. Bxf5 {[%emt 0:00:01]} gxf5 {[%emt 0:00:00]} 28. Nd6 {[%emt 0:00:01]} Kg8 {[%emt 0:00:09]} 29. Nxf5 {[%emt 0:00:01]} Bf8 {[%emt 0:00:01]} 30. a3 {[%emt 0:00:01]} Kf7 {[%emt 0:00:05]} 31. Kf2 {[%emt 0:00:01]} Rbc8 {[%emt 0:00:05]} 32. Rbc1 {[%emt 0:00:04]} Ke6 {[%emt 0:00:05]} 33. e4 {[%emt 0:00:01]} 1/2-1/2